[Event "Titled Tue 26th Aug Early"]
[Site "chess.com INT"]
[Date "2025.08.26"]
[Round "5"]
[White "Shimanov, Aleksandr"]
[Black "Kavyev, Ruslan"]
[Result "1-0"]
[WhiteTitle "GM"]
[BlackTitle "FM"]
[WhiteElo "2578"]
[BlackElo "2179"]
[WhiteFideId "4198603"]
[BlackFideId "34110981"]
[EventDate "2025.08.26"]

1. d4 Nf6 2. Nf3 g6 3. Bf4 Bg7 4. Nbd2 c5 5. e3 d6 6. h3 Qb6 7. Nc4 Qc6 8. c3
O-O 9. Be2 b5 10. Ncd2 a6 11. c4 cxd4 12. Nxd4 Qb6 13. Bh2 bxc4 14. Nxc4 Qb4+
15. Qd2 Qxd2+ 16. Kxd2 Ne4+ 17. Ke1 Nd7 18. Bf3 d5 19. Bxe4 dxe4 20. Nc6 Re8 21.
Rd1 h5 22. b4 a5 23. b5 Nc5 24. Nb6 Be6 25. Nxa8 Bc3+ 26. Kf1 Rxa8 27. b6 Bxa2
28. Be5 Bxe5 29. Nxe5 a4 30. Kg1 a3 31. Kh2 Rb8 32. Ra1 Be6 33. Rxa3 Rxb6 34.
Rc1 Nb3 35. Rc6 Rb5 36. Nxg6 Bd5 37. Nxe7+ Kg7 38. Nxd5 Rxd5 39. Rxb3 1-0

[Event "Titled Tue 26th Aug Early"]
[Site "chess.com INT"]
[Date "2025.08.26"]
[Round "5"]
[White "Kaufman, David"]
[Black "Grieve, Harry"]
[Result "0-1"]
[WhiteTitle "IM"]
[BlackTitle "IM"]
[WhiteElo "2447"]
[BlackElo "2479"]
[WhiteFideId "34220194"]
[BlackFideId "426520"]
[EventDate "2025.08.26"]

1. d4 Nf6 2. c4 e6 3. Nf3 a6 4. Nc3 d5 5. cxd5 exd5 6. Bf4 Bd6 7. e3 Bxf4 8.
exf4 Bg4 9. Bd3 O-O 10. h3 Re8+ 11. Kf1 Bxf3 12. Qxf3 Nc6 13. Rd1 Nxd4 14. Bxh7+
Kxh7 15. Rxd4 c5 16. Rxd5 Nxd5 17. Nxd5 Qd6 18. Ne3 Qd3+ 19. Kg1 Qb1+ 20. Kh2
Qxb2 21. Nf5 Rad8 22. Qg4 Rd2 23. Rb1 Qf6 24. Rb6 Re6 25. Rxb7 Rd8 26. Ng3 Rc6
27. Nh5 Qg6 28. Qh4 Qh6 29. Rxf7 Rg8 30. f5 c4 31. f6 c3 32. Rxg7+ Rxg7 33. fxg7
Rg6 34. g4 c2 35. Qd8 Rxg7 36. Nxg7 c1=Q 37. Nf5 Qhf4+ 38. Kg2 Qc6+ 0-1

[Event "Titled Tue 26th Aug Early"]
[Site "chess.com INT"]
[Date "2025.08.26"]
[Round "5"]
[White "Bodemar, Jonathan"]
[Black "Chen, Yidong"]
[Result "1/2-1/2"]
[WhiteTitle "CM"]
[WhiteElo "2154"]
[BlackElo "2068"]
[WhiteFideId "6205488"]
[BlackFideId "8607028"]
[EventDate "2025.08.26"]

1. e4 c5 2. Nc3 d6 3. g3 Nc6 4. Bg2 g6 5. d3 Bg7 6. Be3 e5 7. Qd2 Nd4 8. Nd1 Ne7
9. c3 Ndc6 10. Bh6 O-O 11. Ne2 Be6 12. O-O d5 13. Bxg7 Kxg7 14. exd5 Nxd5 15.
Ne3 Qd7 16. Rfd1 Rad8 17. d4 exd4 18. cxd4 Nxe3 19. Bxc6 Qxc6 20. Qxe3 Bg4 21.
dxc5 Bxe2 22. Qxe2 Qxc5 23. Rac1 Qa5 24. Qe7 Rfe8 25. Qxb7 Rxd1+ 26. Rxd1 Qxa2
27. h4 h5 28. Rd7 Re1+ 29. Kg2 Qe6 30. Rc7 a5 31. Qf3 a4 32. Qc3+ Kh7 33. Qf3
Kg8 34. Qa8+ Kh7 35. Qf3 Kg8 36. Ra7 Ra1 37. Ra8+ Kh7 38. Ra7 Kg8 39. Qa8+ Kh7
40. Qf3 Kg8 1/2-1/2

[Event "Titled Tue 26th Aug Early"]
[Site "chess.com INT"]
[Date "2025.08.26"]
[Round "5"]
[White "Liyanage, Pesandu Rashmitha"]
[Black "Marcziter, Dmitrii"]
[Result "1-0"]
[WhiteTitle "FM"]
[BlackTitle "FM"]
[WhiteElo "2165"]
[BlackElo "2188"]
[WhiteFideId "9947876"]
[BlackFideId "13900765"]
[EventDate "2025.08.26"]

1. Nf3 Nf6 2. g3 g6 3. Bg2 Bg7 4. O-O O-O 5. d3 d5 6. c3 c5 7. a3 a5 8. a4 Nc6
9. Na3 b6 10. Qc2 Bb7 11. e4 h6 12. Re1 e5 13. Nb5 Re8 14. h4 Bc8 15. exd5 Nxd5
16. Bd2 Bf5 17. h5 g5 18. Rad1 Qd7 19. Nh2 Rad8 20. Bc1 Nc7 21. Be4 Be6 22. f4
gxf4 23. gxf4 f5 24. Bxc6 Qxc6 25. Nxc7 Qxc7 26. fxe5 Bxe5 27. Nf3 Bg7 28. Qg2
Bd5 29. Kf2 Kh8 30. Rg1 Rg8 31. Qh2 Qc6 32. Rg6 Bxf3 33. Rxc6 Bxc6 34. Bf4 Rde8
35. Re1 Rxe1 36. Kxe1 Re8+ 37. Kd2 Bxa4 38. Qh3 Bd7 39. Qg2 Re6 40. Qb7 Be8 41.
Qc8 Re7 42. Bd6 Ra7 43. Qxe8+ Kh7 44. Qg6+ Kh8 45. Qxf5 Ra8 46. Be5 Re8 47.
Bxg7+ Kxg7 48. Qg6+ Kf8 49. Qxh6+ Ke7 50. Qg7+ Kd8 51. h6 Re7 52. Qg8+ Re8 53.
h7 1-0

[Event "Titled Tue 26th Aug Early"]
[Site "chess.com INT"]
[Date "2025.08.26"]
[Round "5"]
[White "Bashirli, Saadat"]
[Black "Arya G Mallar"]
[Result "0-1"]
[WhiteTitle "WCM"]
[BlackTitle "WCM"]
[WhiteElo "1941"]
[BlackElo "2112"]
[WhiteFideId "13429990"]
[BlackFideId "25115324"]
[EventDate "2025.08.26"]

1. d4 Nf6 2. c4 e6 3. Nc3 Bb4 4. Qc2 O-O 5. Nf3 d5 6. a3 Bxc3+ 7. Qxc3 dxc4 8.
Qxc4 b6 9. Bg5 Ba6 10. Qc2 Nbd7 11. g3 Rc8 12. Bg2 c5 13. dxc5 Rxc5 14. Qb3 h6
15. Be3 Rc7 16. Qa4 Qc8 17. Nd4 Nc5 18. Qd1 Rd8 19. Qb1 e5 20. Nf5 Nd3+ 21. exd3
Bxd3 22. Nxh6+ gxh6 23. Qa2 Rc2 24. Bf3 Qf5 25. Bd1 Qe4 26. Rg1 Rc7 27. Qb3 Bc4
28. Qc3 Nd5 29. Qc2 Bd3 30. Qd2 Qc4 31. b3 Qe4 32. g4 Nc3 33. Rg3 Nxd1 34. Qxd1
Qh1+ 35. Kd2 Bc2+ 36. Ke2 Bxd1+ 0-1

[Event "Titled Tue 26th Aug Early"]
[Site "chess.com INT"]
[Date "2025.08.26"]
[Round "5"]
[White "Csonka, Balazs"]
[Black "Drygalov, Sergey"]
[Result "0-1"]
[WhiteTitle "IM"]
[BlackTitle "GM"]
[WhiteElo "2467"]
[BlackElo "2560"]
[WhiteFideId "742910"]
[BlackFideId "24171743"]
[EventDate "2025.08.26"]

1. d4 Nf6 2. c4 e6 3. g3 d5 4. Bg2 Bb4+ 5. Bd2 a5 6. Nf3 O-O 7. Qc1 c5 8. dxc5
d4 9. Bxb4 axb4 10. Ne5 Qc7 11. Nd3 Nc6 12. Nd2 e5 13. e4 dxe3 14. fxe3 Rd8 15.
Nf2 Ne7 16. Nb3 Nd7 17. Nd3 e4 18. Nxb4 Nxc5 19. Nxc5 Qxc5 20. a3 Nf5 21. Ke2
Be6 22. b3 Nxe3 23. Bxe4 Bg4+ 24. Bf3 Bxf3+ 25. Kxf3 Qf5+ 26. Kxe3 Re8+ 27. Kd4
Qf2+ 28. Kc3 Re3+ 29. Nd3 Qf6+ 30. Kc2 Re2+ 31. Kb1 Rd8 32. Rd1 Qg6 33. Ra2 Rxd3
34. Rxd3 Qxd3+ 35. Ka1 Qd4+ 36. Kb1 Qe4+ 37. Rc2 Re1 38. Qxe1 Qxe1+ 39. Kb2 Qe5+
40. Ka2 Qe4 41. Kb2 f5 42. b4 g5 43. c5 f4 44. gxf4 gxf4 45. b5 Qd4+ 46. Ka2 Qd3
47. Rg2+ Kf7 48. a4 Qd5+ 0-1

[Event "Titled Tue 26th Aug Early"]
[Site "chess.com INT"]
[Date "2025.08.26"]
[Round "5"]
[White "Lindholm, Jere"]
[Black "Karttunen, Mika"]
[Result "0-1"]
[BlackTitle "IM"]
[WhiteElo "2140"]
[BlackElo "2490"]
[WhiteFideId "508012"]
[BlackFideId "502081"]
[EventDate "2025.08.26"]

1. e4 e5 2. Nf3 Nc6 3. Bb5 a6 4. Ba4 Nf6 5. O-O b5 6. Bb3 Bc5 7. d3 O-O 8. a4
Rb8 9. Nc3 h6 10. h3 d6 11. Nd5 Na5 12. Ba2 b4 13. Bd2 c6 14. Nxf6+ Qxf6 15. Qe2
Bd7 16. c3 b3 17. Bb1 Nb7 18. Be3 Bxe3 19. Qxe3 Nc5 20. d4 Ne6 21. dxe5 dxe5 22.
Rd1 Bc8 23. Bd3 Nf4 24. Bc4 Qg6 25. Nh4 Qg5 26. Qg3 Qf6 27. a5 Kh7 28. Re1 Be6
29. Bxe6 fxe6 30. Nf3 Nd3 31. Re3 Nxb2 32. Nxe5 Rbd8 33. Rf3 Qe7 34. Qg6+ Kg8
35. Nf7 Rd2 36. Nxh6+ Kh8 37. Rxf8+ Qxf8 38. Nf7+ Kg8 39. Nh6+ Kh8 40. Nf7+ Kg8 0-1

[Event "Titled Tue 26th Aug Early"]
[Site "chess.com INT"]
[Date "2025.08.26"]
[Round "5"]
[White "Petrenko, Maryna"]
[Black "Tikhonov, Viacheslav"]
[Result "0-1"]
[WhiteTitle "WFM"]
[BlackTitle "CM"]
[WhiteElo "1972"]
[BlackElo "2183"]
[WhiteFideId "14197820"]
[BlackFideId "44196407"]
[EventDate "2025.08.26"]

1. d4 Nf6 2. c4 g6 3. Nf3 Bg7 4. g3 O-O 5. Bg2 c6 6. O-O d5 7. b3 a5 8. Bb2 a4
9. Qc1 Ne4 10. Nbd2 Bf5 11. h3 Qa5 12. a3 axb3 13. Nxb3 Qa6 14. Nfd2 Nxd2 15.
Nxd2 Be6 16. Re1 dxc4 17. e4 Rd8 18. d5 cxd5 19. exd5 Bxd5 20. Bxd5 Rxd5 21.
Bxg7 Kxg7 22. Rxe7 Nc6 23. Rc7 Qb6 24. Qc3+ Kg8 25. Qxc4 Rf5 26. Rd7 Qxf2+ 27.
Kh1 Qxg3 28. Qe2 Qxh3+ 29. Qh2 Qxh2+ 30. Kxh2 Re8 31. Kg1 Na5 32. Rd3 Re2 33.
Rf1 Rg5+ 34. Kh1 Rh5+ 35. Kg1 Rhh2 36. Rf4 Rxd2 37. Rxd2 Rxd2 38. Ra4 Rd5 39.
Rb4 Rc5 40. a4 Kg7 41. Rb6 h5 42. Kf2 Rc4 43. Kg2 Rxa4 44. Rb5 Rg4+ 0-1

[Event "Titled Tue 26th Aug Early"]
[Site "chess.com INT"]
[Date "2025.08.26"]
[Round "5"]
[White "Daulet, Alikhan"]
[Black "Rustemov, Alexander"]
[Result "0-1"]
[WhiteTitle "CM"]
[BlackTitle "GM"]
[WhiteElo "2158"]
[BlackElo "2525"]
[WhiteFideId "13741632"]
[BlackFideId "4119002"]
[EventDate "2025.08.26"]

1. d4 d5 2. c4 c6 3. Nf3 Nf6 4. e3 Bg4 5. Qb3 Qc7 6. Ne5 e6 7. Nxg4 Nxg4 8. Nc3
Nd7 9. e4 dxe4 10. Nxe4 Ngf6 11. Nc3 e5 12. d5 Bc5 13. Be2 O-O 14. O-O h6 15.
Qd1 Bd4 16. Be3 Bxe3 17. fxe3 cxd5 18. cxd5 a6 19. Qd2 Qd6 20. e4 Rac8 21. Kh1
Rc7 22. a3 Rfc8 23. Rf3 b5 24. Raf1 Qc5 25. Rg3 Kf8 26. Rd3 Nb6 27. Rdf3 Nbd7
28. Rd3 Qb6 29. Rdf3 Rc5 30. Qe3 Qd6 31. Qf2 Kg8 32. Qg3 Kh7 33. Qh3 Qb6 34. Rf5
a5 35. Rg1 Rxc3 36. bxc3 Nxe4 37. Bd3 Rxc3 38. Rgf1 Qd4 39. R5f3 Rxd3 40. Rxd3
Qc4 41. Qe3 Ndf6 0-1

[Event "Titled Tue 26th Aug Early"]
[Site "chess.com INT"]
[Date "2025.08.26"]
[Round "5"]
[White "Bulgak, Damir"]
[Black "Dicen, Elis Denele"]
[Result "0-1"]
[WhiteTitle "CM"]
[BlackTitle "WFM"]
[WhiteElo "2254"]
[BlackElo "2069"]
[WhiteFideId "13528882"]
[BlackFideId "462560"]
[EventDate "2025.08.26"]

1. e4 c6 2. Nf3 d5 3. Nc3 dxe4 4. Nxe4 Nf6 5. Qe2 Nxe4 6. Qxe4 Nd7 7. Bc4 Nf6 8.
Ne5 e6 9. Qe2 Bd6 10. O-O O-O 11. d4 b5 12. Bd3 Bb7 13. Rd1 a6 14. a4 Rc8 15. b3
Be7 16. Bb2 Qc7 17. axb5 cxb5 18. Rac1 Rfd8 19. c4 b4 20. g4 Nd7 21. Be4 Nxe5
22. dxe5 Bc5 23. Qf3 Bxe4 24. Qxe4 Qb6 25. Qe2 a5 26. Kg2 h6 27. Qf3 Bd4 28.
Bxd4 Rxd4 29. c5 Rxd1 30. cxb6 Rdxc1 31. Qb7 Rd8 32. Qa7 Rcc8 33. Qxa5 Rb8 34.
Qxb4 Rd7 35. h4 Rdb7 36. g5 Rxb6 37. Qe4 hxg5 38. hxg5 g6 39. Qd4 Rxb3 40. Qd6
R3b6 41. Qe7 R6b7 42. Qf6 Rc8 43. Qf4 Rb5 44. Qf6 Rd5 45. Kf3 Rc3+ 46. Ke4 Rcd3
47. f4 R5d4# 0-1

[Event "Titled Tue 26th Aug Early"]
[Site "chess.com INT"]
[Date "2025.08.26"]
[Round "5"]
[White "Molaei, Mohammadamin"]
[Black "Aravindh, Chithambaram VR."]
[Result "1/2-1/2"]
[WhiteTitle "IM"]
[BlackTitle "GM"]
[WhiteElo "2325"]
[BlackElo "2723"]
[WhiteFideId "12541451"]
[BlackFideId "5072786"]
[EventDate "2025.08.26"]

1. d4 Nf6 2. c4 g6 3. Nc3 Bg7 4. e4 d6 5. Be2 O-O 6. Nf3 e5 7. O-O Nc6 8. Be3
Ng4 9. Bg5 f6 10. Bh4 Nh6 11. dxe5 dxe5 12. Qxd8 Nxd8 13. Rfd1 Ne6 14. Bg3 c6
15. b4 Rd8 16. a3 Nf7 17. c5 Kf8 18. Bc4 Rxd1+ 19. Rxd1 Ke7 20. h4 b5 21. cxb6
axb6 22. a4 Bb7 23. h5 Nd6 24. Bb3 g5 25. Bxe6 Kxe6 26. Nh2 Bf8 27. Ng4 Be7 28.
Ne3 Rd8 29. f3 Ne8 30. Rxd8 Bxd8 31. Bf2 Nd6 32. g4 Ba6 33. Nf5 Bd3 34. Kg2 Nxf5
35. gxf5+ Kd7 36. Be3 Kc8 37. b5 cxb5 38. axb5 Bc4 39. Kf2 Kc7 40. Na4 Kb7 41.
Nc3 Be7 42. Na4 Bd8 43. Nc3 Bc7 44. Ke1 Bd8 45. Kf2 1/2-1/2

[Event "Titled Tue 26th Aug Early"]
[Site "chess.com INT"]
[Date "2025.08.26"]
[Round "5"]
[White "Turcsanyi, Vince Gergo"]
[Black "Zmijanac, Dusko"]
[Result "1-0"]
[WhiteTitle "FM"]
[BlackTitle "FM"]
[WhiteElo "2297"]
[BlackElo "2014"]
[WhiteFideId "791784"]
[BlackFideId "908762"]
[EventDate "2025.08.26"]

1. d4 c5 2. d5 Nf6 3. c4 g6 4. Nc3 Bg7 5. e4 d6 6. Bd3 O-O 7. Nge2 Na6 8. O-O
Nc7 9. h3 Rb8 10. a4 b6 11. Be3 a6 12. Qc2 Bd7 13. f4 b5 14. axb5 axb5 15. b3 b4
16. Na4 e6 17. e5 dxe5 18. fxe5 Nh5 19. Bxc5 Bxe5 20. Bxf8 Qxf8 21. Ra2 exd5 22.
c5 Bb5 23. Bxb5 Nxb5 24. Qd3 Nc3 25. Nexc3 bxc3 26. Qxd5 Bg7 27. Qc4 Ng3 28. Re1
Nf5 29. Nxc3 Bd4+ 30. Kh2 Bxc5 31. Ne4 Bd6+ 32. Kh1 Be5 33. Nc5 Qd6 34. Rae2
Ng3+ 35. Kg1 Nxe2+ 36. Rxe2 Bd4+ 37. Kh1 Qxc5 38. Qd3 Rd8 39. Qf3 Qc1+ 40. Kh2
Qc7+ 41. g3 Bg7 42. b4 Rb8 43. Qe4 h5 44. h4 Qb6 45. Qf4 Qxb4 46. Re4 Qb2+ 47.
Kh3 Rf8 48. Re7 Qf6 49. Qc7 Qf1+ 50. Kh2 Qf2+ 51. Kh3 Bf6 52. Rd7 Qf1+ 53. Kh2
Kg7 54. Qc5 Ra8 55. Qd5 Rf8 56. Rb7 Qe2+ 57. Kh3 Qg4+ 58. Kh2 Bxh4 59. gxh4
Qxh4+ 60. Kg2 Qg4+ 61. Kh2 Qf4+ 62. Kg2 Qf6 63. Rd7 h4 64. Rd6 Qf5 65. Qd4+ f6
66. Qxh4 Qc2+ 67. Kh3 Rf7 68. Rd8 Qb3+ 69. Kh2 Qb2+ 70. Kh3 Qa3+ 71. Kh2 Qa7 72.
Qh8# 1-0

[Event "Titled Tue 26th Aug Early"]
[Site "chess.com INT"]
[Date "2025.08.26"]
[Round "5"]
[White "Carlsen, Magnus"]
[Black "Le, Tuan Minh"]
[Result "0-1"]
[WhiteTitle "GM"]
[BlackTitle "GM"]
[WhiteElo "2839"]
[BlackElo "2598"]
[WhiteFideId "1503014"]
[BlackFideId "12401153"]
[EventDate "2025.08.26"]

1. e3 d5 2. c4 c6 3. Nf3 Nf6 4. Nc3 a6 5. b3 Bf5 6. Be2 e6 7. Nh4 Bg6 8. Bb2
Nbd7 9. O-O Bd6 10. g3 Qe7 11. a3 O-O 12. Nxg6 hxg6 13. d4 b5 14. c5 Bc7 15. f4
Nh7 16. b4 f5 17. a4 g5 18. Ra2 gxf4 19. exf4 g5 20. Bc1 Qg7 21. Kh1 Ndf6 22.
Bd3 a5 23. axb5 axb4 24. Rxa8 Rxa8 25. Ne2 cxb5 26. Qe1 Ne4 27. Qxb4 Nhf6 28.
Qxb5 Ng4 29. Qc6 Qh6 30. Qxa8+ Kg7 31. h4 gxh4 32. Kg2 h3+ 33. Kh1 Nef2+ 34.
Rxf2 Nxf2+ 35. Kh2 Ng4+ 36. Kh1 h2 37. Be3 Qh3 38. Nc3 Nxe3 39. Qa2 Qxg3 40.
Qxh2 Qf3+ 41. Kg1 Ng4 42. Qe2 Qg3+ 43. Kf1 Nh2+ 0-1

[Event "Titled Tue 26th Aug Early"]
[Site "chess.com INT"]
[Date "2025.08.26"]
[Round "5"]
[White "Dishman, Stephen"]
[Black "Dandeniya, D D L N"]
[Result "1-0"]
[WhiteTitle "FM"]
[BlackTitle "CM"]
[WhiteElo "2254"]
[BlackElo "1985"]
[WhiteFideId "403024"]
[BlackFideId "29928818"]
[EventDate "2025.08.26"]

1. d4 Nf6 2. Bg5 g6 3. Nd2 Bg7 4. Ngf3 O-O 5. c3 d6 6. e4 Nbd7 7. Be2 e5 8. dxe5
dxe5 9. O-O h6 10. Bh4 Qe7 11. a4 a5 12. Re1 Nc5 13. Qc2 Bd7 14. Bf1 Bc6 15.
Bxf6 Bxf6 16. Nc4 b6 17. g3 Rad8 18. Bg2 Rfe8 19. Nfd2 Bg5 20. Nf1 h5 21. h4 Bh6
22. Nfe3 f6 23. Nd5 Qf7 24. Nce3 Kg7 25. b3 Bb7 26. Rad1 Rd6 27. Nc4 Rdd8 28.
Nde3 Qe7 29. Rxd8 Rxd8 30. Nd5 Qf7 31. Rd1 Rd7 32. f3 Rd8 33. Kh2 Kg8 34. Nde3
Rxd1 35. Qxd1 Qd7 36. Qxd7 Nxd7 37. b4 axb4 38. cxb4 Bc6 39. a5 Nb8 40. axb6
cxb6 41. Nd5 Na6 42. Ne7+ 1-0

[Event "Titled Tue 26th Aug Early"]
[Site "chess.com INT"]
[Date "2025.08.26"]
[Round "5"]
[White "Tallada Serret, Gerard"]
[Black "Kurpiewski, Slawomir"]
[Result "1-0"]
[WhiteTitle "CM"]
[BlackTitle "CM"]
[WhiteElo "2091"]
[BlackElo "1973"]
[WhiteFideId "54764190"]
[BlackFideId "1114530"]
[EventDate "2025.08.26"]

1. e4 e5 2. Bc4 Nf6 3. d3 c6 4. Nf3 d5 5. exd5 cxd5 6. Bb5+ Nc6 7. Nxe5 Qc7 8.
O-O Bd6 9. d4 O-O 10. Bxc6 bxc6 11. Re1 Ba6 12. Nc3 Nd7 13. Bf4 f6 14. Nxd7 Qxd7
15. Bxd6 Qxd6 16. Qg4 Rae8 17. a3 Bc8 18. Qf3 g6 19. Na4 Bf5 20. c3 Kf7 21. Nc5
Rxe1+ 22. Rxe1 Re8 23. Rxe8 Kxe8 24. Qe2+ Kf7 25. f3 Qf4 26. g3 Qc1+ 27. Kg2 g5
28. g4 Qc2 29. Qxc2 Bxc2 30. Kf2 h6 31. Ke3 Bd1 32. Nd3 Bc2 33. Nb4 Ba4 34. Nd3
a5 35. Nc5 Bb5 36. b4 axb4 37. cxb4 Kg6 38. a4 h5 39. axb5 cxb5 40. Nd3 f5 41.
Ne5+ Kf6 42. gxh5 f4+ 43. Kf2 Kf5 44. Ng4 Ke6 45. h6 Kf5 46. h7 Kg6 47. h8=Q Kf7
48. Qf6+ Kg8 49. Nh6+ Kh7 50. Nf5 g4 51. Qg7# 1-0

[Event "Titled Tue 26th Aug Early"]
[Site "chess.com INT"]
[Date "2025.08.26"]
[Round "5"]
[White "Gunawardhana, Devindya Oshini"]
[Black "Newansa, M Esandi"]
[Result "0-1"]
[WhiteTitle "WIM"]
[BlackTitle "WFM"]
[WhiteElo "2101"]
[BlackElo "1951"]
[WhiteFideId "29941482"]
[BlackFideId "9999060"]
[EventDate "2025.08.26"]

1. Nf3 d5 2. g3 Nf6 3. Bg2 Bf5 4. d4 e6 5. c3 Bd6 6. O-O O-O 7. Nh4 Bg4 8. Nd2
Nbd7 9. Nhf3 c5 10. b3 Rc8 11. Bb2 Bh5 12. Re1 Qb6 13. c4 cxd4 14. Bxd4 Bc5 15.
Bxc5 Nxc5 16. cxd5 Nxd5 17. e4 Nb4 18. Nc4 Qc7 19. Qd2 a5 20. a3 Rfd8 21. Qe3
Nc2 22. Qg5 Bxf3 23. Bxf3 Nxa1 24. Rxa1 Nxb3 25. Re1 Qxc4 26. h4 Nd2 27. Bg2 h6
28. Qg4 Nb3 29. Rb1 Qd3 30. Re1 Rc1 31. Rxc1 Nxc1 32. Kh2 Ne2 33. Bf3 Nd4 34.
Bg2 Qe2 35. Qf4 Nc6 36. h5 Qxh5+ 37. Bh3 Nd4 38. Qc7 Nf3+ 39. Kg2 Rd2 40. Qc3
Ng5 41. Bxe6 Rxf2+ 42. Kxf2 Nxe4+ 0-1

[Event "Titled Tue 26th Aug Early"]
[Site "chess.com INT"]
[Date "2025.08.26"]
[Round "5"]
[White "Jasinski, Alexander"]
[Black "Reprintsev, Alexander"]
[Result "0-1"]
[BlackTitle "IM"]
[WhiteElo "2063"]
[BlackElo "2256"]
[WhiteFideId "55627994"]
[BlackFideId "14100541"]
[EventDate "2025.08.26"]

1. e4 d5 2. Nc3 d4 3. Nce2 c5 4. d3 Nc6 5. f4 e5 6. Nf3 Bd6 7. g3 Nge7 8. Bg2
Bg4 9. h3 Bd7 10. Bd2 a5 11. O-O h6 12. a4 O-O 13. f5 c4 14. dxc4 Nb4 15. Ne1
Qb6 16. Bxb4 Bxb4 17. Nd3 Kh8 18. Kh1 f6 19. g4 Rac8 20. b3 Rfd8 21. Nxb4 Qxb4
22. Nc1 Qc3 23. Nd3 Nc6 24. Rc1 Nb4 25. Nxb4 Qxb4 26. Qd3 Bc6 27. h4 Qe7 28. Rf3
b6 29. Rh3 Qb7 30. Rg1 Rc7 31. Qe2 Rcd7 32. Rd3 Qa8 33. Bf3 Rc7 34. Rg3 Rf7 35.
g5 Rg8 36. Bg2 Qf8 37. Qh5 Be8 38. gxh6 gxh6 39. Rxg8+ Kxg8 40. Rg3+ Rg7 41.
Rxg7+ Kxg7 42. Qg4+ Kh7 43. Kh2 Qb4 44. Qe2 Qc3 45. Qd3 Qe1 46. Kh3 Bh5 47. Qg3
Qxg3+ 48. Kxg3 Bd1 49. b4 axb4 50. a5 bxa5 51. c5 Bxc2 52. c6 Ba4 53. c7 Bd7 54.
Bf1 b3 55. Bb5 Bc8 56. Bc4 b2 57. Be6 b1=Q 58. Bxc8 Qd3+ 59. Kg4 Qxe4+ 60. Kh5
Qf3# 0-1

[Event "Titled Tue 26th Aug Early"]
[Site "chess.com INT"]
[Date "2025.08.26"]
[Round "5"]
[White "Yeletsky, Ivan"]
[Black "Mekhitarian, Krikor Sevag"]
[Result "0-1"]
[WhiteTitle "FM"]
[BlackTitle "GM"]
[WhiteElo "2469"]
[BlackElo "2549"]
[WhiteFideId "24180327"]
[BlackFideId "2107660"]
[EventDate "2025.08.26"]

1. Nf3 d5 2. b3 Bf5 3. Nh4 Bd7 4. g3 e5 5. Bb2 Bd6 6. Bg2 Nf6 7. c4 dxc4 8. Bxb7
Nc6 9. Bxa8 Qxa8 10. O-O cxb3 11. axb3 Bh3 12. Na3 Bxf1 13. Qxf1 O-O 14. Qg2 Na5
15. Qxa8 Rxa8 16. Nc4 Nxb3 17. Ra6 Nc5 18. Ra2 Nfd7 19. Nf5 Bf8 20. Nxe5 Nxe5
21. Bxe5 Ne6 22. d4 c6 23. Ra6 f6 24. Bf4 g6 25. Nh6+ Bxh6 26. Bxh6 Nxd4 27. e3
Ne6 28. Rxc6 Kf7 29. Ra6 g5 30. h4 Nc5 31. Ra5 Ne4 32. hxg5 fxg5 33. Bxg5 Nxg5
34. Rxg5 a5 35. Rh5 Kg6 36. Rb5 a4 37. Rb2 a3 38. Ra2 Kf5 39. f3 Ke5 40. g4 Kd5
41. Kf2 Kc4 42. Kg3 Kb3 43. Ra1 Kb2 44. Rh1 a2 45. e4 a1=Q 46. Rxa1 Rxa1 47. Kf4
Kc3 48. Ke5 Kd3 49. Kf6 Ke3 50. e5 Kxf3 51. g5 Kg4 52. e6 Ra6 0-1

[Event "Titled Tue 26th Aug Early"]
[Site "chess.com INT"]
[Date "2025.08.26"]
[Round "5"]
[White "Garcia, Jhoel"]
[Black "Smirnov, Mark"]
[Result "0-1"]
[WhiteTitle "IM"]
[BlackTitle "FM"]
[WhiteElo "2277"]
[BlackElo "2359"]
[WhiteFideId "3801110"]
[BlackFideId "13764594"]
[EventDate "2025.08.26"]

1. e4 Nc6 2. Nf3 d6 3. d4 Nf6 4. Nc3 g6 5. d5 Nb8 6. e5 dxe5 7. Nxe5 Bg7 8. Bc4
Nbd7 9. Nxd7 Bxd7 10. Qe2 O-O 11. Bf4 c6 12. O-O-O cxd5 13. Nxd5 Nxd5 14. Bxd5
Qb6 15. Bb3 Bf5 16. Be5 Bxe5 17. Qxe5 Qxf2 18. Rd2 Qh4 19. g3 Qf6 20. Qxf6 exf6
21. Re1 Rfe8 22. Rde2 Rxe2 23. Rxe2 Kf8 24. Bd5 Rb8 25. c4 b6 26. b3 h5 27. Kb2
Bg4 28. Rf2 Kg7 29. Kc3 Re8 30. b4 Re1 31. c5 bxc5 32. bxc5 Rc1+ 33. Rc2 Rxc2+
34. Kxc2 Kf8 35. Kc3 Ke7 36. Kd4 Be6 37. a4 Bxd5 38. Kxd5 Kd7 39. a5 g5 40. Ke4
Kc6 41. Kf5 Kxc5 42. Kxf6 Kb5 43. Kxg5 Kxa5 44. Kxh5 Kb6 45. Kg4 a5 46. Kf3 a4
47. Ke3 a3 48. Kd3 a2 0-1

[Event "Titled Tue 26th Aug Early"]
[Site "chess.com INT"]
[Date "2025.08.26"]
[Round "5"]
[White "Alcazar Jimenez, Jesus Alberto"]
[Black "Preobrazhenskaya, Diana"]
[Result "1-0"]
[WhiteTitle "FM"]
[BlackTitle "WFM"]
[WhiteElo "2172"]
[BlackElo "2140"]
[WhiteFideId "2209756"]
[BlackFideId "34270566"]
[EventDate "2025.08.26"]

1. e4 c5 2. Nf3 d6 3. c3 Nf6 4. h3 Bd7 5. Bd3 g6 6. Bc2 Bg7 7. O-O O-O 8. d4
cxd4 9. cxd4 Nc6 10. Nc3 Rc8 11. a3 e6 12. Be3 a6 13. Qd2 Na5 14. Qe2 b5 15.
Rfd1 Nc4 16. Bc1 Qc7 17. Bb1 Bc6 18. Qd3 d5 19. e5 Ne4 20. b3 Na5 21. Ne2 f6 22.
Bb2 Qb6 23. exf6 Bxf6 24. Qe3 Bb7 25. Nd2 Bg5 26. f4 Nxd2 27. Rxd2 Bf6 28. Bc2
Bg7 29. Bc3 Rc6 30. Bb4 Rfc8 31. Bc5 Qd8 32. Re1 Ba8 33. Qg3 Nb7 34. b4 a5 35.
Bxg6 hxg6 36. Qxg6 Nxc5 37. bxc5 Qe8 38. Qg4 e5 39. fxe5 Rg6 40. Qf3 Bxe5 41.
dxe5 d4 42. Qf5 Rxg2+ 43. Kf1 Rg7 44. Nf4 Qd8 45. Qe6+ Kh7 46. Qf5+ Kg8 47. Qe6+
Kf8 48. Rf2 Qc7 49. Ng6# 1-0

[Event "Titled Tue 26th Aug Early"]
[Site "chess.com INT"]
[Date "2025.08.26"]
[Round "5"]
[White "Aarav Sarbalia"]
[Black "Paichadze, Luka"]
[Result "0-1"]
[WhiteTitle "FM"]
[BlackTitle "GM"]
[WhiteElo "2232"]
[BlackElo "2520"]
[WhiteFideId "33382859"]
[BlackFideId "13602934"]
[EventDate "2025.08.26"]

1. e4 c6 2. Nf3 d5 3. d3 Bg4 4. h3 Bh5 5. Be2 e6 6. Nbd2 Nf6 7. O-O Bg6 8. exd5
cxd5 9. b3 Nc6 10. Bb2 Be7 11. Re1 O-O 12. Nf1 a5 13. a4 Rc8 14. Ne3 Qb6 15. Qd2
Bb4 16. c3 Be7 17. Qd1 e5 18. c4 d4 19. Nd5 Qd8 20. Nxe7+ Qxe7 21. Ba3 Nb4 22.
Bf1 Rc5 23. Nxd4 Rd8 24. Bxb4 axb4 25. Nc2 Rc6 26. Qd2 Rcd6 27. Qxb4 Qe6 28. Ne3
Bxd3 29. Bxd3 Rxd3 30. Rad1 Rxd1 31. Rxd1 Rxd1+ 32. Nxd1 Qd7 33. Ne3 h5 34. a5
Ne4 35. Nd5 Kh7 36. Qe1 f5 37. f3 Nc5 38. Qxe5 Nxb3 39. Qe7 Qxe7 40. Nxe7 Nxa5
41. c5 g6 42. Kf2 Kg7 43. Ke3 Kf7 44. Nd5 Nb3 45. Kd3 Nxc5+ 46. Kc4 Ne6 47. Kb5
Nd4+ 48. Kb6 Ke6 49. Nf4+ Kf6 50. Kxb7 Ne6 51. g3 Nxf4 52. gxf4 g5 53. Kc6 g4 0-1